Statistics for 2022 NCAA FOOTBALL POWER 5 SCHOOLS QUIZ

Click here to take the quiz!

General Stats

  • This quiz has been taken 109 times
  • The average score is 53 of 64

Answer Stats

HintAnswer% Correct
9-0Michigan
97%
6-2Alabama
96%
8-1Ohio State
94%
3-6Oklahoma
94%
6-3Texas
94%
3-5Florida
93%
5-3Florida State
93%
7-2Oregon
93%
5-4Iowa
92%
4-5Oklahoma State
92%
7-2Washington
92%
3-6Michigan State
90%
8-1USC
90%
8-0Clemson
89%
8-0Georgia
89%
5-4Texas Tech
89%
5-4Illinois
88%
6-2LSU
88%
4-5Washington State
88%
1-8Colorado
86%
4-4Ole Miss
86%
6-3Oregon State
86%
7-2Penn State
86%
3-6Arizona
85%
5-3Duke
85%
3-6Kansas
85%
6-2North Carolina
85%
6-3UCLA
85%
2-7Indiana
83%
1-8Iowa State
83%
9-0TCU
83%
6-2Tennessee
83%
2-6Texas A&M
83%
1-6Virginia
83%
2-7Arizona State
82%
3-5Kentucky
82%
4-4Mississippi State
82%
3-6Nebraska
82%
4-5Wisconsin
82%
4-5Maryland
81%
5-4Minnesota
81%
4-4NC State
81%
1-8Rutgers
81%
4-4South Carolina
81%
7-2Utah
79%
4-5Baylor
78%
1-6Virginia Tech
78%
3-5Arkansas
76%
2-6Auburn
76%
6-3Purdue
76%
2-7California
75%
3-5Missouri
75%
2-6Vanderbilt
75%
3-5Miami
74%
1-8Stanford
74%
1-8Northwestern
71%
4-4Georgia Tech
69%
3-6West Virginia
69%
2-6Boston College
68%
7-2Kansas State
67%
4-4Syracuse
67%
4-4Louisville
63%
3-5Wake Forest
63%
5-3Pittsburgh
60%

Score Distribution

Percentile by Number Answered

Percent of People with Each Score

Your Score History

You have not taken this quiz